| 000 | 00756nam a2200241 i 4500 | ||
|---|---|---|---|
| 001 | 7141 | ||
| 003 | ES-MaACL | ||
| 005 | 20230906145153.0 | ||
| 008 | 900920s1990 sp |||| | spa d | ||
| 020 | _a84-7423-433-6 | ||
| 080 | _a321.3(45)"07/10" | ||
| 080 | _a9(45)"07/10" | ||
| 100 | 1 |
_aToubert, Pierre. _9111114 |
|
| 245 | 1 | 0 |
_aCastillos, señores y campesinos en la Italia medieval / _cPierre Toubert ; prologo de Reyna Pastor. |
| 260 |
_aBarcelona : _bCrítica, _c1990. |
||
| 300 |
_a347 p. ; _c20 cm. |
||
| 490 | 1 | _aHistoria medieval | |
| 651 | 4 |
_aItalia- _xSituación social- _yS.V-XV. _9167772 |
|
| 700 | 1 |
_aPastor de Togneri, Reyna. _989502 |
|
| 830 | 0 |
_aHistoria medieval _9177825 |
|
| 852 |
_aES-MaACL _jL-14371 |
||
| 999 |
_c7141 _d7141 |
||